Flagi miast województwa małopolskiego - Statystyki

Ogólne statystyki
  • Ten quiz został rozwiązany 62 razy
  • Średni wynik to 13 z 24
Statystyki odpowiedzi
Obrazkowy Odpowiedź % Poprawnych
Kraków
98%
Nowy Sącz
89%
Zakopane
87%
Wieliczka
80%
Oświęcim
71%
Olkusz
69%
Limanowa
65%
Chrzanów
62%
Brzesko
60%
Myślenice
60%
Gorlice
55%
Andrychów
53%
Stary Sącz
49%
Proszowice
47%
Krynica Zdrój
45%
Sucha Beskidzka
45%
Biecz
36%
Szczawnica
36%
Maków Podhalański
33%
Skała
31%
Żabno
31%
Bukowno
24%
Tuchów
22%
Zakliczyn
22%
Nie znaleziono quizów pasujących do podanych kryteriów
Rozkład punktacji
Procent ludzi z każdym wynikiem
Percentyl według liczby udzielonych odpowiedzi
Twoja historia wyników
Nie rozwiązałeś tego quizu